| 000 | 00993nam a2200289 a 4500 | ||
|---|---|---|---|
| 001 | 24534 | ||
| 003 | CO-ViMGA | ||
| 008 | 141112s2004 ck r 000 u spa d | ||
| 015 | _aNNN | ||
| 020 | _a8496424553 | ||
| 040 |
_aCO-ViMGA _bspa _cCO-ViMGA |
||
| 041 | _aspa | ||
| 082 | 0 | 4 | _aR711.41 K718m |
| 100 | 1 |
_aKrauel, Jacobo _932899 |
|
| 245 | 1 | 0 | _aNuevos espacios urbanos Jacobo Krauel ; editor Carles Broto i Comerma ; textos editados y traducidos por Francesc Rovira, William George y Marta Rojals del Alamo |
| 260 |
_aBarcelona, _cEspaƱa Links 2006. |
||
| 300 | _a179 p. ilustraciones, fotos a color y planos 30 cm. | ||
| 541 | _127.200; 1 c. | ||
| 596 | _a2 | ||
| 598 | _aNEW - ENCICLO | ||
| 650 | 1 | 4 |
_aArquitectura urbana _95311 |
| 650 | 1 | 4 |
_aEspacio urbano _936488 |
| 650 | 1 | 4 |
_aUrbanismo _93317 |
| 700 | 1 |
_aBroto i Comerma, Carles Ed. _936489 |
|
| 926 | _aB - GENERAL REFERENCIA R 711.4 K71 REFERENCIA 1 | ||
| 942 |
_2ddc _cBK |
||
| 999 |
_c32361 _d32361 |
||